guess the random adele song #8 - Statistics

General Stats
  • This quiz has been taken 99 times
  • The average score is 59 of 186
Answer Stats
Answer % Correct
i
98%
you
83%
a
82%
he
74%
the
68%
when
53%
is
51%
to
51%
and
49%
be
45%
on
42%
can
41%
like
40%
he'll
31%
all
30%
for
30%
no
30%
there
27%
what
27%
of
26%
will
26%
feel
25%
i'm
25%
that
25%
then
25%
by
24%
with
24%
him
22%
his
22%
up
22%
could
20%
but
19%
make
19%
would
19%
never
17%
been
16%
good
16%
lover
16%
way
16%
find
15%
life
15%
before
14%
daydreamer
14%
tell
14%
feeling
13%
girl
13%
he's
13%
just
13%
real
13%
sitting
13%
waiting
13%
back
11%
doorstep
11%
hard
11%
hours
11%
sun
11%
behind
10%
change
10%
dropper
10%
eyes
10%
hands
10%
same
10%
sea
10%
soaking
10%
surprise
10%
talk
10%
world
10%
catch
9%
chase
9%
felt
9%
figure
9%
jaw
9%
looks
9%
making
9%
past
9%
subject
9%
there's
9%
walks
9%
describe
8%
plus
8%
stays
8%
melt
7%
saying
7%
shouldn't
7%
through
7%
hoping
6%
sees
6%
waits
6%
No matching quizzes found
Score Distribution
Percent of People with Each Score
Percentile by Number Answered
Your Score History
You have not taken this quiz